00581nam a2200169Ia 4500008004100000041000800041082001300049100002400062245002800086260002500114300000800139365001700147700002400164906003500188999001900223952016900242230718s9999 xx 000 0 und d aeng a658bMON aMonahan Tom9136619 aDo It Yourself Lobotomy c2002bJuile And Sons a260 cRs.b1548.00 aMonahan Tom9136619 dB:141301-Jun-2002cMGMTb232.2 c303656d303656 00104070aCCEPbCCEPd2002-06-17eTechnical Book ServicesfMGMTg1315.80i1413l0o658pCCEP-BK-14863r2023-07-18 00:00:00t232.2v1548.00w2002-06-01yBKz014863